000 00297nam a2200133Ia 4500
005 20251222142012.0
008 251222s9999||||xx |||||||||||||| ||spa||
020 _a84-7640-653-3
082 _a855.42/T99
100 _aTzu, Sun
245 0 _aEl Arte de la Guerra
264 _bEDAF
942 _cLIB
999 _c10356
_d10356